[Event "Druzynowe Mistrzostwa Polski w Szachach I LIGA 2021"]
[Site "Szklarska Poreba"]
[Date "1899-12-30"]
[Round "4.17"]
[White "Kucharska, Honorata"]
[Black "Sliwerski, Radoslaw"]
[Result "1/2-1/2"]
[WhiteTitle "WFM"]
[BlackTitle "k++"]
[WhiteElo "2172"]
[BlackElo "2007"]

1. e4 c5 2. Nf3 d6 3. d4 cxd4 4. Qxd4 Nc6 5. Bb5 Bd7 6. Qd3 Nf6 7. c4 a6 8. Bxc6
Bxc6 9. Nc3 b5 10. O-O e6 11. Re1 bxc4 12. Qxc4 Bb7 13. Be3 Be7 14. Qb3 Bc6 15.
Bb6 Qd7 16. a4 O-O 17. a5 Qb7 18. Qc2 Rac8 19. Qe2 Nd7 20. Be3 Bf6 21. Bd4 Rb8
22. Bxf6 Nxf6 23. Ra2 Rfc8 24. h3 Bb5 25. Nxb5 Qxb5 26. Qxb5 Rxb5 27. e5 dxe5
28. Rxe5 Nd5 29. Re1 Kf8 30. Rea1 Rc4 31. Ne5 Rc2 32. Nd3 Rd2 33. Ra3 Nb4 34.
Nxb4 Rxb4 35. b3 Rc2 36. Rd1 Ke7 37. Rd3 Re4 38. Ra1 Ree2 39. Rf3 e5 40. Ra4 f6
41. Rb4 e4 42. Rf4 e3 43. Rbe4+ Kd6 44. Rxe3 Rc1+ 45. Kh2 Rxe3 46. fxe3 Rc3 47.
Rb4 Rxe3 48. Rb6+ Ke5 49. Rxa6 Rxb3 50. Ra7 Ra3 51. Rxg7 Rxa5 52. Rxh7 f5 53.
Re7+ Kf4 54. Rb7 Ra3 55. Rb4+ Kg5 56. h4+ Kh5 57. g3 Ra2+ 58. Kh3 Rf2 59. Rb5
Kg6 60. Rb6+ Kg7 61. h5 Ra2 62. Rg6+ Kf7 63. Kh4 Ra3 64. Rb6 Ra4+ 65. Kg5 Rg4+
66. Kxf5 Rxg3 67. Rb7+ Kg8 68. Kf6 Rg1 69. h6 1/2-1/2

[Event "Druzynowe Mistrzostwa Polski w Szachach I LIGA 2021"]
[Site "Szklarska Poreba"]
[Date "1899-12-30"]
[Round "4.18"]
[White "Kulon, Klaudia"]
[Black "Kroliczek, Gabriela"]
[Result "1-0"]
[WhiteTitle "IM"]
[BlackTitle "k"]
[WhiteElo "2332"]
[BlackElo "1889"]

1. e4 e6 2. c4 c5 3. Nf3 a6 4. Nc3 Nc6 5. Be2 Nd4 6. O-O Ne7 7. Ne1 Nec6 8. f4
d6 9. a3 Rb8 10. Rb1 b5 11. cxb5 axb5 12. b4 cxb4 13. axb4 Qb6 14. Kh1 Be7 15.
d3 Bf6 16. e5 dxe5 17. Ne4 Be7 18. fxe5 O-O 19. Be3 Qd8 20. Nf3 Nxe2 21. Qxe2
Nxb4 22. Nf6+ Bxf6 23. exf6 Qxd3 24. Qf2 Nd5 25. fxg7 Qxe3 26. gxf8=Q+ Kxf8 27.
Qh4 h6 28. Rbe1 Qb6 29. Ne5 f5 30. Qxh6+ Ke7 31. Rc1 Qd6 32. Qg7+ Ke8 33. Qf7+
Kd8 34. Nc6+ 1-0

[Event "Druzynowe Mistrzostwa Polski w Szachach I LIGA 2021"]
[Site "Szklarska Poreba"]
[Date "1899-12-30"]
[Round "4.19"]
[White "Goluch, Piotr"]
[Black "Kowalski, Igor"]
[Result "1/2-1/2"]
[WhiteTitle "IM"]
[BlackTitle "FM"]
[WhiteElo "2318"]
[BlackElo "2378"]

1. d4 Nf6 2. c4 e6 3. Nf3 d5 4. Nc3 c6 5. Bg5 Nbd7 6. e3 Be7 7. Bd3 h6 8. Bh4 O-O
9. O-O dxc4 10. Bxc4 b5 11. Bb3 Bb7 12. Qe2 a5 13. Bc2 Nd5 14. Bg3 b4 15. Na4
Ba6 16. Bd3 Bxd3 17. Qxd3 N5b6 18. Nxb6 Qxb6 19. Rfd1 Rfd8 20. Nd2 Qb5 21. Qxb5
cxb5 22. Rac1 Rdc8 23. Ne4 Nb6 24. Bd6 Kf8 25. Bxe7+ Kxe7 26. Nc5 Rc7 27. Kf1
Rac8 28. Ke2 Na4 29. Rd2 Nxc5 30. Rxc5 Rxc5 31. dxc5 Rxc5 32. Kd1 f5 33. Rc2 Kd6
34. b3 Rd5+ 35. Ke2 Kd7 1/2-1/2

[Event "Druzynowe Mistrzostwa Polski w Szachach I LIGA 2021"]
[Site "Szklarska Poreba"]
[Date "1899-12-30"]
[Round "4.20"]
[White "Sanz, Wawer Daniel"]
[Black "Dzida, Kamil"]
[Result "1-0"]
[WhiteTitle "FM"]
[BlackTitle "k+"]
[WhiteElo "2359"]
[BlackElo "2224"]

1. e4 c5 2. Nf3 Nc6 3. Bb5 g6 4. O-O Bg7 5. Bxc6 dxc6 6. d3 Nf6 7. h3 Nd7 8. Nc3
e5 9. Be3 b6 10. Qd2 h6 11. Nh2 Nf8 12. f4 exf4 13. Bxf4 Ne6 14. Bg3 Qg5 15. Qe1
Nd4 16. Qf2 Qe7 17. Bd6 Qe6 18. e5 Qf5 19. Qe1 Qh5 20. Nf3 Nxc2 21. Qe4 Nb4 22.
Nd4 Bd7 23. Ncb5 Nd5 24. Nxc6 Be6 25. Ne7 Bxe5 26. Nxd5 Bxd5 27. Qxe5+ 1-0

[Event "Druzynowe Mistrzostwa Polski w Szachach I LIGA 2021"]
[Site "Szklarska Poreba"]
[Date "1899-12-30"]
[Round "4.21"]
[White "Jankowiak, Tomasz"]
[Black "Nowak, Lukasz"]
[Result "1/2-1/2"]
[WhiteTitle "k"]
[BlackTitle "FM"]
[WhiteElo "2169"]
[BlackElo "2337"]

1. e4 c5 2. Nf3 e6 3. d4 cxd4 4. Nxd4 a6 5. Bd3 Bc5 6. Nb3 Ba7 7. Qe2 Ne7 8. Be3
O-O 9. O-O Nbc6 10. c4 Bxe3 11. Qxe3 d5 12. f4 Nb4 13. Qd2 Nxd3 14. Qxd3 dxe4
15. Qxe4 Qc7 16. Nc3 Bd7 17. Rac1 Rac8 18. Ne2 Rfd8 19. Nbd4 Qb6 20. b3 Nf5 21.
Kh1 Bc6 22. Nxc6 Rxc6 23. Ng3 Nxg3+ 24. hxg3 Rc5 25. g4 f5 26. gxf5 Rxf5 27. g4
Rd4 28. Qe3 Rf7 29. Rce1 Qd8 30. Qxe6 Qh4+ 31. Kg2 Rd3 32. Qc8+ Rf8 33. Qe6+ Kh8
34. Re3 Rxe3 35. Qxe3 Qxg4+ 36. Qg3 Qf5 37. Qg5 Qe4+ 38. Rf3 Rf6 39. f5 h6 40.
Qf4 Qc6 41. Kg3 Kh7 42. Qe5 Qd7 43. Qe4 b5 44. cxb5 Qxb5 45. Kg4 Qc5 46. a4 Qg1+
47. Kh3 Qh1+ 48. Kg3 a5 49. b4 Qg1+ 50. Kh3 Qh1+ 51. Kg3 axb4 52. Qxb4 Qg1+ 53.
Kh3 Qh1+ 54. Kg3 Qg1+ 55. Kh3 Qh1+ 56. Kg3 1/2-1/2

[Event "Druzynowe Mistrzostwa Polski w Szachach I LIGA 2021"]
[Site "Szklarska Poreba"]
[Date "1899-12-30"]
[Round "4.22"]
[White "Chylewski, Patryk"]
[Black "Jankowiak, Piotr"]
[Result "1-0"]
[WhiteTitle "FM"]
[BlackTitle "k"]
[WhiteElo "2301"]
[BlackElo "2080"]

1. e4 e5 2. Nf3 Nf6 3. d4 Nxe4 4. dxe5 d5 5. Nbd2 Nxd2 6. Qxd2 Be7 7. Bd3 c5 8.
O-O Nc6 9. Re1 Be6 10. Qf4 h6 11. Qa4 Qd7 12. c3 O-O 13. Qf4 f6 14. Qg3 fxe5 15.
Nxe5 Nxe5 16. Qxe5 Rf6 17. Bf4 Bf8 18. Bg3 Bf5 19. Bf1 d4 20. Bc4+ Kh8 21. cxd4
cxd4 22. Rad1 d3 23. Bb5 Qf7 24. Bxd3 Bd6 25. Qd4 Bxg3 26. hxg3 Bxd3 27. Rxd3
Rf8 28. f3 Qxa2 29. Ra3 Qf7 30. Rxa7 Qc7 31. f4 Qb6 32. Qxb6 Rxb6 33. Re2 Rd8
34. Kh2 Rd3 35. Ra8+ Kh7 36. Re7 Rd5 37. Rf8 h5 38. Rff7 Rxb2 39. Rxg7+ Kh6 40.
Rxb7 Rxb7 41. Rxb7 Rd1 42. Rb6+ Kg7 43. Rb5 Kh6 44. g4 hxg4 45. Kg3 Rd2 46. Rg5
Rd3+ 47. Kxg4 Kh7 48. Re5 Kg6 49. Re6+ Kf7 50. Ra6 Kg7 51. Kh4 Rd1 52. g4 Rd7
53. Kg5 Rb7 54. f5 Rc7 55. Re6 Kf7 56. Re4 Ra7 57. Kf4 Ra1 58. Rb4 Ra7 59. g5
Kg7 60. g6 Rc7 61. Kg5 Rc5 62. Rb7+ Kg8 63. Kh6 Rc8 64. f6 Kf8 65. g7+ Kg8 66.
f7# 1-0

[Event "Druzynowe Mistrzostwa Polski w Szachach I LIGA 2021"]
[Site "Szklarska Poreba"]
[Date "1899-12-30"]
[Round "4.23"]
[White "Statucki, Maciej"]
[Black "Kokoszczynski, Jan"]
[Result "0-1"]
[WhiteTitle "I"]
[BlackTitle "FM"]
[WhiteElo "1833"]
[BlackElo "2279"]

1. e4 c5 2. Nf3 Nc6 3. d4 cxd4 4. Nxd4 Nf6 5. Nc3 d6 6. Nb3 g6 7. Bd3 Bg7 8. O-O
O-O 9. h3 a6 10. Be3 Be6 11. Qd2 Ne5 12. f4 Nc4 13. Bxc4 Bxc4 14. Rf2 b5 15. Bd4
b4 16. Bxf6 Bxf6 17. Nd1 Qb6 18. Ne3 Rac8 19. Rb1 a5 20. Kh2 Rc6 21. Nd5 Bxd5
22. exd5 Rc4 23. Qd3 Rfc8 24. Re2 Rxf4 25. Rbe1 a4 26. Nd2 Qd4 27. Ne4 Qxd3 28.
cxd3 Bd4 29. Ng5 Rf5 30. Nf3 Bf6 31. Re4 Rc2 32. R1e2 Rxe2 33. Rxe2 Rxd5 34. Re4
a3 35. Rxb4 axb2 36. d4 Bxd4 37. Nxd4 Rxd4 38. Rxb2 Ra4 0-1

[Event "Druzynowe Mistrzostwa Polski w Szachach I LIGA 2021"]
[Site "Szklarska Poreba"]
[Date "1899-12-30"]
[Round "4.24"]
[White "Moscicka, Pola"]
[Black "Czarniecka, Aleksandra"]
[Result "1/2-1/2"]
[WhiteTitle "k++"]
[BlackTitle "m"]
[WhiteElo "1916"]
[BlackElo "2021"]

1. d4 Nf6 2. c4 c5 3. d5 e6 4. Nc3 exd5 5. cxd5 d6 6. g3 g6 7. Bg2 Bg7 8. Nf3 O-O
9. O-O a6 10. a4 Re8 11. Re1 Nbd7 12. Bf4 Ng4 13. h3 Nge5 14. Nd2 Rb8 15. a5 b5
16. axb6 Nxb6 17. Qc2 g5 18. Bxe5 Rxe5 19. e4 Re8 20. Kh2 Nd7 21. Nc4 Ne5 22.
Ne3 Qb6 23. Re2 Qb3 24. Nf5 Qxc2 25. Rxc2 Bxf5 26. exf5 Nd3 27. Ne4 Be5 28. Nxg5
Rb6 29. Bf1 Nxb2 30. Rxa6 Rxa6 31. Bxa6 Ra8 32. Be2 Na4 33. Bh5 f6 34. Nf7 Nb6
35. Nxe5 fxe5 36. Rb2 Ra6 37. f6 c4 38. Rb4 Kf8 39. f7 Ke7 40. f4 c3 41. Rb1 Ra2+
42. Kg1 c2 43. Rc1 e4 44. Kf2 Nd7 45. Be2 Rb2 46. Ke3 Nc5 47. Bc4 Kxf7 48. Kd2
Nb3+ 49. Bxb3 Rxb3 50. g4 Rxh3 51. Rxc2 Rd3+ 52. Ke2 Rxd5 53. Ke3 Ra5 54. Kxe4
Ke6 55. Rh2 1/2-1/2

[Event "Druzynowe Mistrzostwa Polski w Szachach I LIGA 2021"]
[Site "Szklarska Poreba"]
[Date "1899-12-30"]
[Round "4.25"]
[White "Klekowski, Maciej"]
[Black "Paszewski, Mateusz"]
[Result "1-0"]
[WhiteTitle "GM"]
[BlackTitle "FM"]
[WhiteElo "2510"]
[BlackElo "2282"]

1. Nf3 d5 2. b3 Bf5 3. Bb2 e6 4. g3 h6 5. Bg2 Nf6 6. d3 Be7 7. O-O O-O 8. Nbd2
Nbd7 9. Qe1 a5 10. e4 Bh7 11. a4 Nc5 12. Ne5 Na6 13. Qe2 Nb4 14. c3 Na6 15. f4
c6 16. Kh1 Nc5 17. Ba3 dxe4 18. d4 Ncd7 19. Bxe7 Qxe7 20. g4 Nd5 21. Bxe4 Bxe4+
22. Nxe4 N7f6 23. Rf3 Nxe4 24. Qxe4 Nf6 25. Qe3 Nd7 26. Nd3 f6 27. c4 Rae8 28.
Re1 Qd6 29. Nf2 e5 30. dxe5 fxe5 31. f5 Nf6 32. Ne4 Qb4 33. Rg1 Nxe4 34. Qxe4
Rf6 35. g5 hxg5 36. Rxg5 Re7 37. Rfg3 Qd6 38. Rd3 Qc7 39. Qh4 Rh6 40. Qxh6 1-0

[Event "Druzynowe Mistrzostwa Polski w Szachach I LIGA 2021"]
[Site "Szklarska Poreba"]
[Date "1899-12-30"]
[Round "4.26"]
[White "Koziorowicz, Michal"]
[Black "Seemann, Jakub"]
[Result "0-1"]
[WhiteTitle "k+"]
[BlackTitle "FM"]
[WhiteElo "2274"]
[BlackElo "2294"]

1. e4 c5 2. Nf3 e6 3. d4 cxd4 4. Nxd4 Nc6 5. Nc3 Qc7 6. Be2 a6 7. O-O Nf6 8. Be3
Be7 9. f4 d6 10. Kh1 O-O 11. Qe1 Nxd4 12. Bxd4 b5 13. e5 dxe5 14. Bxe5 Qb6 15.
Bd3 Ng4 16. Rd1 Nxe5 17. fxe5 Bb7 18. Ne4 Bxe4 19. Qxe4 g6 20. Be2 Rad8 21. Rxd8
Bxd8 22. b4 Bc7 23. a3 Rd8 24. c4 Qb8 25. Qc6 Bxe5 26. Qxa6 bxc4 27. Bxc4 Rd6
28. Qb5 Qxb5 29. Bxb5 Bb2 30. a4 Rd4 31. Rb1 Rxb4 32. g4 Kg7 33. Be2 Bc3 34. Rxb4
Bxb4 35. Bc4 e5 36. Bd3 Kh6 37. h4 Be7 38. h5 gxh5 39. gxh5 Kxh5 40. Bxh7 Kg4
41. Kg2 Bd8 42. Be4 f5 43. Bf3+ Kf4 44. Kf2 e4 45. Bg2 Bb6+ 46. Ke2 Kg3 47. a5
Bc5 48. Bf1 f4 49. a6 f3+ 50. Ke1 e3 51. Bb5 Kg2 52. Bf1+ Kg1 53. Bd3 f2+ 0-1

[Event "Druzynowe Mistrzostwa Polski w Szachach I LIGA 2021"]
[Site "Szklarska Poreba"]
[Date "1899-12-30"]
[Round "4.27"]
[White "Barski, Radoslaw"]
[Black "Ciesla, Adam"]
[Result "1/2-1/2"]
[WhiteTitle "IM"]
[BlackTitle "m"]
[WhiteElo "2442"]
[BlackElo "2276"]

1. e4 e5 2. Nf3 Nc6 3. Bb5 a6 4. Ba4 Nge7 5. O-O g6 6. c3 Bg7 7. d4 exd4 8. cxd4
b5 9. Bb3 O-O 10. d5 Na5 11. Bd2 c5 12. Bc3 d6 13. Bxg7 Kxg7 14. Nc3 Bg4 15. h3
Bxf3 16. Qxf3 Ng8 17. Rfe1 Re8 18. Rad1 Nf6 19. Bc2 Nh5 20. e5 Nc4 21. exd6 Nxd6
22. Rxe8 Qxe8 23. g4 Nf6 24. Qf4 Qe7 25. Rd3 Nd7 26. Re3 Qf6 27. Qxf6+ Kxf6 28.
Ne4+ Nxe4 29. Bxe4 Rd8 30. Bg2 g5 31. Ra3 Nb8 32. Rc3 c4 33. b3 cxb3 34. axb3
Rd6 35. Rf3+ Ke7 36. Rf5 h6 37. f4 gxf4 38. Rxf4 Nd7 39. b4 Rf6 40. Re4+ Kd6 41.
Re8 Ne5 42. Rd8+ Ke7 43. Ra8 Nd3 44. Ra7+ Ke8 45. Ra8+ Ke7 46. Ra7+ Kd8 47. Be4
Nxb4 48. Kg2 Rd6 49. Rxf7 Nxd5 50. Bxd5 Rxd5 51. Rf6 a5 52. Rxh6 b4 53. h4 Rb5
54. Rd6+ Kc7 55. Rd1 b3 56. h5 b2 57. Rb1 a4 58. h6 a3 59. h7 Rb8 60. g5 a2 1/2-1/2

[Event "Druzynowe Mistrzostwa Polski w Szachach I LIGA 2021"]
[Site "Szklarska Poreba"]
[Date "1899-12-30"]
[Round "4.28"]
[White "Tomaszewski, Roman"]
[Black "Karolczuk, Iwo"]
[Result "1-0"]
[WhiteTitle "IM"]
[BlackTitle "k+"]
[WhiteElo "2193"]
[BlackElo "2383"]

1. c4 e5 2. Nc3 Nf6 3. Nf3 Nc6 4. d4 exd4 5. Nxd4 Bb4 6. Bg5 h6 7. Bh4 Bxc3+ 8.
bxc3 Ne5 9. f4 Ng6 10. Bxf6 Qxf6 11. g3 O-O 12. Bg2 c5 13. Nb5 a6 14. Nd6 Qxc3+
15. Kf2 Rb8 16. a4 Ne7 17. Rb1 Nc6 18. e3 Nb4 19. Rb3 Qf6 20. Qd2 Qe6 21. Ra3
b6 22. Rd1 Nc6 23. h4 Bb7 24. Bd5 Qf6 25. Rh1 Ba8 26. g4 Kh8 27. Ne4 Qg6 28. Rg1
f6 29. h5 Qe8 30. Nd6 Qe7 31. Nf5 Qd8 32. Nh4 Ne7 33. Bxa8 Rxa8 34. Qd6 Re8 35.
Rd1 Qb8 36. Qxb8 Raxb8 37. Rxd7 Nc6 38. Nf5 Rg8 39. Rad3 Rbd8 40. R3d6 Rxd7 41.
Rxd7 Na5 42. Nd6 Rb8 43. Ke2 Kg8 44. Kd3 Nc6 45. Ke4 Kf8 46. Kd5 Nb4+ 47. Ke4
Nc6 48. Rf7+ Kg8 49. Rc7 Na5 50. Kf5 Kh7 51. Ke6 Kg8 52. Kd7 Kf8 53. Ra7 Nxc4
54. Nxc4 b5 55. axb5 axb5 56. Nd6 b4 57. Kc7 c4 58. Kxb8 c3 59. Rc7 1-0

[Event "Druzynowe Mistrzostwa Polski w Szachach I LIGA 2021"]
[Site "Szklarska Poreba"]
[Date "1899-12-30"]
[Round "4.29"]
[White "Przewoznik, Jan"]
[Black "Kaliszuk, Kamil"]
[Result "0-1"]
[WhiteTitle "IM"]
[BlackTitle "I+"]
[WhiteElo "2309"]
[BlackElo "1717"]

1. e4 e5 2. Nf3 Nc6 3. Bb5 a6 4. Ba4 Nf6 5. O-O Be7 6. Re1 b5 7. Bb3 d6 8. c3 O-O
9. h3 Bb7 10. d4 Nd7 11. Nbd2 exd4 12. cxd4 Bf6 13. Nf1 Na5 14. Bc2 Re8 15. Qd3
g6 16. Bf4 c5 17. Bxd6 cxd4 18. e5 Bxf3 19. exf6 Nxf6 20. Qxd4 Nc4 21. Bc5 Be4
22. Bb3 Na5 23. Qxd8 Raxd8 24. f3 Nd7 25. Bd6 Nxb3 26. axb3 Bd5 27. b4 Rxe1 28.
Rxe1 Rc8 29. Ne3 Be6 30. Kf2 Nb6 31. Ra1 Na4 32. Be5 Kf8 33. Ke2 Ke7 34. g4 f6
35. Bd4 Rd8 36. Rd1 Rc8 37. f4 Bb3 38. Rd3 Bc2 39. b3 Bxd3+ 40. Kxd3 Rc1 41. bxa4
bxa4 42. Nd5+ Ke6 43. Nc3 a3 44. g5 fxg5 45. fxg5 Rh1 46. Kc4 Rxh3 47. Kb3 Rg3
48. Kxa3 Rxg5 49. Ka4 h5 50. Ne4 Rg4 51. Nc5+ Kd5 52. Bg7 h4 53. Nxa6 h3 54. Nc7+
Ke4 55. b5 h2 56. b6 h1=Q 57. b7 Kf5+ 0-1

[Event "Druzynowe Mistrzostwa Polski w Szachach I LIGA 2021"]
[Site "Szklarska Poreba"]
[Date "1899-12-30"]
[Round "4.30"]
[White "Lach, Aleksandra"]
[Black "Marcinczyk, Monika"]
[Result "1-0"]
[WhiteTitle "WIM"]
[BlackTitle "WCM"]
[WhiteElo "2157"]
[BlackElo "1982"]

1. e4 e5 2. Bc4 Nf6 3. d3 Bc5 4. Nc3 d6 5. Bg5 h6 6. Bxf6 Qxf6 7. Qf3 Qxf3 8. Nxf3
c6 9. Ne2 O-O 10. c3 Nd7 11. Ng3 Nf6 12. h3 d5 13. Bb3 Re8 14. O-O b5 15. Rfe1
Bd6 16. Rad1 Bc7 17. d4 Nxe4 18. Nxe4 dxe4 19. Nxe5 Bxe5 20. dxe5 Bf5 21. g4 Bg6
22. Rd6 Kf8 23. Rxc6 Rxe5 24. f4 Re7 25. f5 Bh7 26. Rd6 f6 27. Bd5 Rae8 28. Bc6
Rc8 29. Bxb5 Bg8 30. Ba6 Rb8 31. b3 Bf7 32. Kf2 Rb6 33. Red1 Be8 34. Ke3 Bc6 35.
Bc4 h5 36. Rxc6 Rxc6 37. Rd8+ Re8 38. Rxe8+ Kxe8 39. Bb5 1-0

[Event "Druzynowe Mistrzostwa Polski w Szachach I LIGA 2021"]
[Site "Szklarska Poreba"]
[Date "1899-12-30"]
[Round "4.31"]
[White "Stachowiak, Kamil"]
[Black "Sieciechowicz, Marcin"]
[Result "1/2-1/2"]
[WhiteTitle "IM"]
[BlackTitle "IM"]
[WhiteElo "2470"]
[BlackElo "2362"]

1. d4 Nf6 2. c4 g6 3. Nc3 Bg7 4. e4 d6 5. g3 O-O 6. Bg2 c5 7. d5 e6 8. Nge2 exd5
9. cxd5 Re8 10. Qc2 a6 11. a4 Nbd7 12. O-O Rb8 13. Rb1 c4 14. h3 Nc5 15. Be3 Qc7
16. Nd4 Qe7 17. Rfe1 Bd7 18. a5 Nfxe4 19. Nxe4 Nxe4 20. Qxc4 Qf6 21. Rbd1 Rbc8
22. Qb4 Nc5 23. Qb6 Qd8 24. Qxd6 Qxa5 25. Nb3 Nxb3 26. Qxd7 Nc5 27. Qg4 1/2-1/2

[Event "Druzynowe Mistrzostwa Polski w Szachach I LIGA 2021"]
[Site "Szklarska Poreba"]
[Date "1899-12-30"]
[Round "4.32"]
[White "Reza, Wojciech"]
[Black "Dobrowolski, Piotr"]
[Result "1/2-1/2"]
[WhiteTitle "FM"]
[BlackTitle "IM"]
[WhiteElo "2259"]
[BlackElo "2413"]

1. c4 c5 2. Nc3 Nc6 3. g3 g6 4. Bg2 Bg7 5. e3 d6 6. Nge2 Bd7 7. b3 h5 8. h3 Nh6
9. Bb2 Nf5 10. O-O O-O 11. d3 a6 12. Qd2 Rb8 13. f4 b5 14. g4 hxg4 15. hxg4 Nh4
16. Bh1 b4 17. Nd1 e5 18. Nf2 Re8 19. Rae1 exf4 20. exf4 Bxb2 21. Qxb2 Rxe2 22.
Qxe2 Nd4 23. Qd1 Kg7 24. Re3 Qa5 25. Qd2 Rh8 26. Rh3 Qd8 27. Qd1 Qc8 28. Kh2 Qe8
29. Ne4 f5 30. Qe1 fxe4 31. Rxh4 exd3 32. Qxe8 Rxe8 33. Bf3 Nxf3+ 34. Rxf3 d2
35. Rd3 Re2+ 36. Kg3 Re3+ 37. Rxe3 d1=Q 38. Re7+ Kf6 39. Rxd7 Qe1+ 40. Kh3 Qh1+
41. Kg3 Qe1+ 42. Kh3 Qe3+ 43. Kg2 Qxf4 44. Rdh7 Qd2+ 45. Kf3 Qd3+ 46. Kf2 Qb1
47. Kf3 Qd1+ 48. Kf2 Qd2+ 49. Kf3 Kg5 50. Rh2 Qf4+ 51. Ke2 Qxg4+ 52. Ke3 Qf4+
53. Ke2 Qe4+ 54. Kf2 Qf5+ 55. Ke3 Qf4+ 56. Ke2 Qe4+ 57. Kf2 Qb1 58. Ke3 Qf1 59.
Ke4 Qf5+ 60. Ke3 Qe6+ 61. Kd2 Kg4 62. Re2 Qf6 63. Ke1 Kg3 64. Re3+ Kg2 65. Re2+
Kg1 66. Rc2 Qe5+ 67. Kd2 g5 68. Kc1 g4 69. Kb1 Qe4 70. Rg7 Kh1 71. Rf7 Kg1 72.
Rg7 Qf5 73. Re7 Kf1 74. Ree2 g3 75. Red2 Qf2 76. Rxf2+ gxf2 77. Rc1+ Ke2 78. Rc2+
Ke3 79. Rc1 Ke2 80. Rc2+ Ke3 81. Rc1 Ke2 82. Rc2+ Ke3 83. Rc1 Ke2 84. Rc2+ 1/2-1/2

[Event "Druzynowe Mistrzostwa Polski w Szachach I LIGA 2021"]
[Site "Szklarska Poreba"]
[Date "1899-12-30"]
[Round "4.33"]
[White "Ochedzan, Tymon"]
[Black "Plichta, Kamil"]
[Result "1/2-1/2"]
[WhiteTitle "FM"]
[BlackTitle "FM"]
[WhiteElo "2300"]
[BlackElo "2396"]

1. e4 c5 2. Nf3 Nc6 3. d4 cxd4 4. Nxd4 g6 5. c4 Bg7 6. Be3 Nf6 7. Nc3 O-O 8. Be2
d6 9. O-O Nxd4 10. Bxd4 Bd7 11. Qd3 Bc6 12. b4 b6 13. Rfd1 Nd7 14. Bxg7 Kxg7 15.
Qd4+ Kg8 16. Rac1 a5 17. a3 axb4 18. axb4 Ra3 19. Nd5 Re8 20. Ra1 Rxa1 21. Rxa1
Qb8 22. h4 e6 23. Nc3 e5 24. Qe3 Kg7 25. h5 h6 26. hxg6 fxg6 27. g3 Qc7 28. Qd3
Nf6 29. Rd1 Rd8 30. c5 bxc5 31. bxc5 Ne8 32. Nd5 Qa5 33. cxd6 Rxd6 34. Qc4 Qa4
35. Qxa4 Bxa4 36. Ra1 Bc6 37. Ra7+ Rd7 38. Rxd7+ Bxd7 39. f4 Nd6 40. Bf3 exf4
41. gxf4 g5 42. fxg5 1/2-1/2

[Event "Druzynowe Mistrzostwa Polski w Szachach I LIGA 2021"]
[Site "Szklarska Poreba"]
[Date "1899-12-30"]
[Round "4.34"]
[White "Budrewicz, Krzysztof"]
[Black "Luberanski, Jakub"]
[Result "1/2-1/2"]
[WhiteTitle "m"]
[BlackTitle "FM"]
[WhiteElo "2188"]
[BlackElo "2188"]

1. d4 Nf6 2. c4 e6 3. Nf3 d5 4. Nc3 dxc4 5. e4 Bb4 6. Bg5 h6 7. Bxf6 Qxf6 8. Bxc4
c5 9. O-O cxd4 10. Nb5 Qe7 11. a3 Bc5 12. b4 Bb6 13. Nfxd4 O-O 14. Nb3 Rd8 15.
Qe2 a6 16. Nc3 Nc6 17. Rfd1 Ba7 18. Rxd8+ Qxd8 19. Rd1 Qc7 20. Qd2 b5 21. Be2
Bb7 22. Qd7 Rc8 23. Nc5 Bxc5 24. bxc5 Ne5 25. Qxc7 Rxc7 26. Rd8+ Kh7 27. f4 Rxc5
28. Nxb5 axb5 29. fxe5 Bxe4 30. Rb8 Rc2 31. Bf1 Kg6 32. Rxb5 Kf5 33. Ra5 Rc7 34.
Kf2 Bd5 35. Ke3 Kxe5 36. Bd3 f5 37. g3 g5 38. Kd2 Rb7 39. Bb5 Kd4 40. a4 f4 41.
Ra6 f3 42. Rd6 g4 43. Rd8 h5 44. Ke1 Ke3 45. Rc8 e5 46. Rc3+ Kd4 47. Rd3+ Ke4
48. Rc3 Rb8 49. Kf2 Ba8 50. Re3+ Kf5 51. Rd3 Kg5 52. Re3 Kf6 53. Rc3 Rd8 54. Ke3
Rd1 55. Rc8 Bd5 56. Rf8+ Kg5 57. Rd8 Rd4 58. a5 Re4+ 59. Kd3 Rd4+ 60. Ke3 Re4+
61. Kd3 f2 62. Rf8 Rb4 63. Ba6 Rb3+ 64. Ke2 Rb2+ 65. Ke3 Bf3 66. Bf1 e4 67. Re8
Ra2 68. a6 Kf6 69. Bc4 Ra4 70. Bf1 Ra2 71. Bc4 Ra4 72. Bf1 Ra2 73. Bc4 Ra4 74.
Bf1 Kf7 75. Re5 Kf6 76. Re8 Ra2 77. Kxe4 Ke5+ 1/2-1/2

[Event "Druzynowe Mistrzostwa Polski w Szachach I LIGA 2021"]
[Site "Szklarska Poreba"]
[Date "1899-12-30"]
[Round "4.35"]
[White "Fudalej, Michal"]
[Black "Renkowski, Piotr"]
[Result "0-1"]
[WhiteTitle "FM"]
[BlackTitle "k+"]
[WhiteElo "2203"]
[BlackElo "2178"]

1. c4 e6 2. Nc3 d5 3. e3 Nf6 4. Nf3 Be7 5. b3 O-O 6. Bb2 c5 7. g3 Nc6 8. Bg2 d4
9. exd4 cxd4 10. Nb5 e5 11. O-O a6 12. Na3 e4 13. Ng5 Qa5 14. c5 Bf5 15. Re1 Nb4
16. Nxe4 Nd3 17. Nc4 Qc7 18. Ned6 Bg4 19. Qc2 Nxe1 20. Rxe1 Be6 21. Bxd4 Rad8
22. Be5 Ng4 23. d4 Nxe5 24. dxe5 Qxc5 25. Nxb7 Qb4 26. Rc1 Rc8 27. Qe4 Bxc4 28.
bxc4 Qd2 29. Qc2 Qd4 30. Qe4 Bc5 31. Nxc5 Qxc5 32. Qd5 Rfd8 33. Qxc5 Rxc5 34.
f4 g6 35. Bb7 Rd2 36. a4 a5 37. Ba6 g5 38. fxg5 Re2 39. h4 Rcxe5 40. Bb5 R5e3
41. c5 Rxg3+ 42. Kf1 Rh2 43. c6 Rh1+ 44. Kf2 Rxc1 45. Kxg3 f6 46. Kf4 Kf7 47.
Ke4 fxg5 48. hxg5 Ke6 49. Kf4 Rc3 50. Ke4 Rc5 51. Kf4 Kd6 52. Bd3 Rxc6 53. Bxh7
Rc4+ 54. Kf5 Ke7 55. Bg8 Rxa4 56. g6 Kf8 57. Bd5 Kg7 58. Bf7 Rh4 59. Ke5 a4 60.
Kd5 a3 61. Kc5 Rh2 62. Kd4 0-1

[Event "Druzynowe Mistrzostwa Polski w Szachach I LIGA 2021"]
[Site "Szklarska Poreba"]
[Date "1899-12-30"]
[Round "4.36"]
[White "Dwilewicz, Katarzyna"]
[Black "Dmochowska, Agnieszka"]
[Result "1-0"]
[WhiteTitle "WFM"]
[BlackTitle "WFM"]
[WhiteElo "2092"]
[BlackElo "2091"]

1. e4 c5 2. Nf3 Nc6 3. d4 cxd4 4. Nxd4 e5 5. Nb5 d6 6. c4 a6 7. N5c3 Be7 8. Na3
f5 9. exf5 Bxf5 10. Bd3 Be6 11. O-O Nf6 12. Bg5 O-O 13. Bxf6 gxf6 14. Be4 Kh8
15. Bd5 Qd7 16. Bxe6 Qxe6 17. Nd5 Rg8 18. Kh1 f5 19. f4 Raf8 20. Nc2 e4 21. Qd2
Rg6 22. Rad1 Rh6 23. b4 Bf6 24. g4 Rh3 25. gxf5 Qxf5 26. Nce3 Qh5 27. Nxf6 Rxf6
28. Qb2 Kg8 29. Nd5 Rh6 30. Rg1+ Kf7 31. Qg7+ Ke6 32. Nc7+ Kf5 33. Rg5+ 1-0

[Event "Druzynowe Mistrzostwa Polski w Szachach I LIGA 2021"]
[Site "Szklarska Poreba"]
[Date "1899-12-30"]
[Round "4.38"]
[White "Suder, Jakub"]
[Black "Toczek, Grzegorz"]
[Result "1-0"]
[WhiteTitle "FM"]
[BlackTitle "FM"]
[WhiteElo "2339"]
[BlackElo "2271"]

1. d4 Nf6 2. c4 g6 3. Nc3 d5 4. cxd5 Nxd5 5. e4 Nxc3 6. bxc3 Bg7 7. Bc4 c5 8. Ne2
Nc6 9. Be3 O-O 10. h4 cxd4 11. cxd4 Qd6 12. a3 Rd8 13. e5 Qc7 14. Qc1 e6 15. Ba2
Qa5+ 16. Kf1 Bd7 17. Bg5 Re8 18. h5 Rac8 19. Qe3 Nxd4 20. Nxd4 Rc3 21. Qd2 Qa6+
22. Ne2 Rd3 23. Qf4 Rxa3 24. Bf6 Bb5 25. hxg6 fxg6 26. Bxg7 Rxa2 27. Rc1 Rxe2
28. Kg1 Qa5 29. Rxh7 Kxh7 30. Qh6+ Kg8 31. Bf6 Re7 32. Qh8+ Kf7 33. Qh7+ 1-0

[Event "Druzynowe Mistrzostwa Polski w Szachach I LIGA 2021"]
[Site "Szklarska Poreba"]
[Date "1899-12-30"]
[Round "4.39"]
[White "Kyc, Jerzy"]
[Black "Czerw, Dawid"]
[Result "1/2-1/2"]
[WhiteTitle "m"]
[BlackTitle "FM"]
[WhiteElo "2252"]
[BlackElo "2413"]

1. e4 c5 2. Nf3 d6 3. d4 cxd4 4. Nxd4 Nf6 5. Nc3 Nc6 6. Bg5 e6 7. f3 a6 8. Qd2
Bd7 9. O-O-O Nxd4 10. Qxd4 Be7 11. g4 h5 12. gxh5 Nxh5 13. Bxe7 Qxe7 14. Bc4 Bc6
15. Qxd6 Qxd6 16. Rxd6 Ke7 17. Rd2 Nf4 18. Ne2 Nxe2+ 19. Rxe2 1/2-1/2

[Event "Druzynowe Mistrzostwa Polski w Szachach I LIGA 2021"]
[Site "Szklarska Poreba"]
[Date "1899-12-30"]
[Round "4.40"]
[White "Redzisz, Michal"]
[Black "Sernecki, Franciszek"]
[Result "1/2-1/2"]
[WhiteTitle "FM"]
[BlackTitle "FM"]
[WhiteElo "2219"]
[BlackElo "2211"]

1. d4 Nf6 2. c4 e6 3. Nc3 Bb4 4. Qc2 Nc6 5. Nf3 d6 6. Bd2 O-O 7. a3 Bxc3 8. Bxc3
Qe7 9. g3 e5 10. d5 Nb8 11. Bg2 a5 12. e4 Nbd7 13. O-O c6 14. b4 cxd5 15. cxd5
axb4 16. axb4 Rxa1 17. Rxa1 Nb6 18. Bd2 1/2-1/2

[Event "Druzynowe Mistrzostwa Polski w Szachach I LIGA 2021"]
[Site "Szklarska Poreba"]
[Date "1899-12-30"]
[Round "4.41"]
[White "Gesicki, Jacek"]
[Black "Galuszka, Tomasz"]
[Result "1-0"]
[WhiteTitle "FM"]
[BlackTitle "k+"]
[WhiteElo "2166"]
[BlackElo "2212"]

1. e4 d5 2. exd5 Nf6 3. Bb5+ Bd7 4. Bc4 Bf5 5. Nc3 Nbd7 6. Nf3 a6 7. Qe2 Nb6 8.
Bb3 Nbxd5 9. Nxd5 Nxd5 10. Ne5 h5 11. Ba4+ c6 12. Nxc6 bxc6 13. Bxc6+ Bd7 14.
Bxd5 Rc8 15. Bb3 Qa5 16. O-O Rh6 17. d4 Rg6 18. Bd2 Qf5 19. f3 Bb5 20. c4 Re6
21. Be3 Bd7 22. Rfe1 g6 23. c5 1-0